| 000 | 00986cam a22002895a 4500 | ||
|---|---|---|---|
| 001 | 13848028 | ||
| 005 | 20160405105850.0 | ||
| 008 | 050121t2006 maua frbd 001 0 eng d | ||
| 020 | _a0618496009 | ||
| 020 | _a9780618496006 | ||
| 040 |
_aDLC _cDLC _dDLC _dEG-ScBUE _beng |
||
| 082 | 0 | 4 |
_a371.102 _222 _bCLA |
| 245 | 0 | 0 |
_aClassroom teaching skills / _cgeneral editor James Cooper. |
| 250 | _a8th ed. | ||
| 260 |
_aBoston ; _aNew York : _bHoughton Mifflin Co., _cc.2006. |
||
| 300 |
_axxii, 418 p. : _bill. ; _c26 cm. |
||
| 500 | _aGlossary : p. 406-410. | ||
| 500 | _aIndex : p. 411-418. | ||
| 504 | _aIncludes bibliographical references. | ||
| 650 | 7 |
_aTeaching _vHandbooks, manuals, etc. _2BUEsh _939779 |
|
| 650 | 7 |
_aClassroom management _vHandbooks, manuals, etc. _2BUEsh _939778 |
|
| 650 | 7 |
_aEducational technology _vHandbooks, manuals, etc. _2BUEsh _939777 |
|
| 651 | _2BUEsh | ||
| 653 |
_bEEENG _cApril2016 |
||
| 700 | 1 |
_aCooper, James Michael, _d1939- _eeditor. |
|
| 942 | _2ddc | ||
| 999 |
_c21586 _d21558 |
||